000 01050cam a2200253 4500
001 5295
005 20181127175159.0
008 110802s2012 nyu d 000 1 eng
010 _a 2011022350
020 _a9781408830345
042 _alcac
_apcc
043 _anwht---
100 1 _aLake, Nick.
245 1 0 _aIn darkness /
_cNick Lake.
260 _aNew York :
_bBloomsbury,
_c2012.
300 _a341 p. ;
_c21 cm.
520 _aIn the aftermath of the Haitian earthquake, fifteen-year-old Shorty, a poor gang member from the slums of Site Soleil, is trapped in the rubble of a ruined hospital, and as he grows weaker he has visions and memories of his life of violence, his lost twin sister, and of Toussaint L'Ouverture, who liberated Haiti from French rule in the 1804.
600 0 1 _aToussaint Louverture,
_d1743-1803
_vFiction.
650 1 _aGangs
_vFiction.
650 1 _aSurvival
_vFiction.
650 1 _aViolence
_vFiction.
651 0 _aHaiti
_xHistory
_yRevolution, 1791-1804
_vFiction.
651 1 _aHaiti Earthquake, Haiti, 2010
_vFiction.
999 _c4441
_d4441